Integrated science with emphasis on earth science (Record no. 2243)
[ view plain ]
| 000 -LEADER | |
|---|---|
| fixed length control field | 00541nam a22001817a 4500 |
| 003 - CONTROL NUMBER IDENTIFIER | |
| control field | URS |
| 005 - DATE AND TIME OF LATEST TRANSACTION | |
| control field | 20220114142047.0 |
| 008 - FIXED-LENGTH DATA ELEMENTS--GENERAL INFORMATION | |
| fixed length control field | 191002s1994 ph a|||| |||| 00| 0 eng d |
| 020 ## - INTERNATIONAL STANDARD BOOK NUMBER | |
| International Standard Book Number | 9716840357 |
| 040 ## - CATALOGING SOURCE | |
| Transcribing agency | URS |
| Language of cataloging | eng |
| Modifying agency | rda |
| 050 14 - LIBRARY OF CONGRESS CALL NUMBER | |
| Classification number | Q 161 |
| Item number | .I61113 1994 |
| 100 ## - MAIN ENTRY--PERSONAL NAME | |
| Personal name | Villegas,Arturo N. |
| 245 10 - TITLE STATEMENT | |
| Title | Integrated science with emphasis on earth science |
| Statement of responsibility, etc. | Arturo N. Villegas |
| 260 ## - PUBLICATION, DISTRIBUTION, ETC. | |
| Place of publication, distribution, etc. | MarikinaCity: |
| Name of publisher, distributor, etc. | Academe Publishing House; |
| Date of publication, distribution, etc. | [19994] |
| 300 ## - PHYSICAL DESCRIPTION | |
| Extent | x 607 pages: |
| Other physical details | with Illustration; |
| Dimensions | 23 cm. |
| 504 ## - BIBLIOGRAPHY, ETC. NOTE | |
| Bibliography, etc. note | Include Index |
| 942 ## - ADDED ENTRY ELEMENTS (KOHA) | |
| Source of classification or shelving scheme | Library of Congress Classification |
| Koha item type | Filipiniana |
| Withdrawn status | Source of classification or shelving scheme | Damaged status | Not for loan | Collection code | Home library | Current library | Shelving location | Date acquired | Total Checkouts | Full call number | Barcode | Date last seen | Price effective from | Koha item type |
|---|---|---|---|---|---|---|---|---|---|---|---|---|---|---|
| Library of Congress Classification | Non-fiction | Cainta College Library | Cainta College Library | On Display | 10/11/2017 | Q161.I61113 1994 | URSCAI-1110 | 10/11/2017 | 10/11/2017 | Filipiniana | ||||
| Library of Congress Classification | Non-fiction | Cainta College Library | Cainta College Library | On Display | 10/11/2017 | Q161.I61113 1994 | URSCAI-1111 | 10/11/2017 | 10/11/2017 | Filipiniana |